|
|
|
|
| LEADER |
00000nta a2200000 i 4500 |
| 001 |
dolg756 |
| 005 |
20150825110709.0 |
| 008 |
150305suuuu hu om 000 hun d |
| 040 |
|
|
|a BGE Dolgozattár Repozitórium
|b hun
|
| 041 |
|
|
|a hu
|
| 100 |
1 |
|
|a Szaniszló Réka
|
| 245 |
1 |
2 |
|a A csanyikvölgyi Chinoin Zrt. készletezésének vizsgálata
|c Szaniszló Réka
|h [elektronikus dokumentum]
|
| 695 |
|
|
|a Készletezés
|
| 695 |
|
|
|a Chinoin Zrt.
|
| 700 |
1 |
|
|a Gritsch Dr. Mátyás
|e ths
|
| 856 |
4 |
0 |
|u http://dolgozattar.uni-bge.hu/756/1/Szaniszl%C3%B3R%C3%A9ka.pdf
|z Dokumentum-elérés
|
| 856 |
4 |
0 |
|u http://dolgozattar.uni-bge.hu/756/2/bizalmas%20enged%C3%A9ly%20SZ.R..pdf
|z Dokumentum-elérés
|